00824nam a2200217 a 450000100100000000500170001000800410002704000250006810000330009324500840012624600290021026000330023930000200027250000560029259000260034870000210037470000270039571000620042295201050048499900170058900003261020200930065732.0110719s1992 dr 000 0 spa d aDO-SdBNPbspacBNPHU1 aMarmolejos, Nélsida91608010aAPD A la nación dominicana /cNélsida Marmolejos, Max Puig, Vicente Bengoa.13aA la Nación Dominicana aSanto Domingo :bAPD,c1992. a26 p. ;c21 cm. aDiscursos pronunciados el día 2 de agosto de 1992 aInventariado, 2019/VM1 aPuig, Max9358391 aBengoa, Vicente9585192 aAlianza por la Democracia (República Dominicana)958520 0010718PDaPDbPDcCTd2011-07-19iLF1l0o p32610-10r2020-06-25w2020-06-25yLFPDZNo se presta c32101d32101